00642nam a2200193Ia 4500001002900000003000900029008004100038040002300079041001300102100002000115245006700135250001500202260002600217300002300243490002800266500002100294501012400315520000900439945.080 92-AMA al ma (19010)IT-MiSPE171229s9999||||xx |||||||||||||| ||und|| aIT-MiSPEcIT-MiSPE aITALIANO aAlberto Amante  0aMaria Cristina di SavoiabRegina delle due Sicilie (1812-1836) a1a ed. (v) aTorinobParaviac1933 aVI, 178 p. c19 cm aCollana storica sabauda aSavoia, dinastia aEdizioni San Paolo srl - Piazza Soncino, 5 - 20092 CINISELLO BALSAMO (MI) (non commercial uses only) ® Copyright 2018 aTav.